000 00230nam a2200097Ia 4500
008 120527s9999 xx 000 0 und d
100 _aFIESER and WILLIAMSON
245 _aOrganic Experioments
260 _bMifflin Coy
942 _cBK
999 _c25574
_d25574